| 000 | 01545cam a2200361K 4500 | ||
|---|---|---|---|
| 001 | 8102086 | ||
| 003 | ARRUPE | ||
| 005 | 20150219113542.0 | ||
| 006 | m d | ||
| 007 | cr bn||||||abp | ||
| 007 | cr bn||||||ada | ||
| 008 | 100325s1905 enkac ob 001 0 eng d | ||
| 035 | _a(OCoLC)ocn570650727 | ||
| 035 | _a(OCoLC)570650727 | ||
| 040 |
_aOCLCE _beng _cOCLCE _dOCLCQ |
||
| 049 | _aZCUA | ||
| 050 | 4 |
_aPR3380 _b.A2 1905 |
|
| 082 | 0 | 4 | _a821.6 |
| 100 | 1 |
_aCowper, William _914806 |
|
| 245 | 1 | 4 |
_aThe poems of William Cowper _cWilliam Cowder and John Cann Bailey ed |
| 260 |
_aLondon, _bMethuen _c[1905] |
||
| 300 |
_axci, 738p. ; _c23cm. |
||
| 440 | 0 |
_aEighteenth-century sources for the study of English literature, _vroll 106 _914807 |
|
| 500 | _aPositive microfilm copy. | ||
| 504 | _aIncludes bibliographical references and index. | ||
| 506 |
_3Use copy _fRestrictions unspecified _2star _5MiAaHDL |
||
| 533 |
_aElectronic reproduction. _b[S.l.] : _cHathiTrust Digital Library, _d2010. |
||
| 538 |
_aMaster and use copy. Digital master created according to Benchmark for Faithful Digital Reproductions of Monographs and Serials, Version 1. Digital Library Federation, December 2002. _uhttp://purl.oclc.org/DLF/benchrepro0212 |
||
| 583 | 1 |
_adigitized _c2010 _hHathiTrust Digital Library _lcommitted to preserve _2pda _5MiAaHDL |
|
| 700 |
_a Bailey, John Cann (ed.) _915414 |
||
| 776 | 0 | 8 |
_iPrint version: _aCowper, William, 1731-1800. _tPoems of William Cowper. _dLondon, Methuen [1905] _w(OCoLC)2664187 |
| 942 |
_2lcc _cMONOGRAPH |
||
| 999 |
_c121949 _d121949 |
||